Islamic culture in kashmir / (Record no. 129557)

MARC details
000 -LEADER
fixed length control field 00699nam a22002297a 4500
005 - DATE AND TIME OF LATEST TRANSACTION
control field 20170124110057.0
010 ## - LIBRARY OF CONGRESS CONTROL NUMBER
LC control number 940505
020 ## - INTERNATIONAL STANDARD BOOK NUMBER
Terms of availability 100.00
035 ## - SYSTEM CONTROL NUMBER
System control number 940505
037 ## - SOURCE OF ACQUISITION
Source of stock number/acquisition Cen Lib/Ret
040 ## - CATALOGING SOURCE
Original cataloging agency DPL
Language of cataloging EN
082 ## - DEWEY DECIMAL CLASSIFICATION NUMBER
Classification number 954.11
Item number SUF
100 ## - MAIN ENTRY--PERSONAL NAME
Personal name Sufi, G.M.D.
9 (RLIN) 26721
245 ## - TITLE STATEMENT
Title Islamic culture in kashmir /
Statement of responsibility, etc by G.M.D. Sufi
260 ## - PUBLICATION, DISTRIBUTION, ETC. (IMPRINT)
Place of publication, distribution, etc New Delhi
Name of publisher, distributor, etc Light & Life Publishers
Date of publication, distribution, etc 1979
270 ## - ADDRESS
Address 2428, Tilak Street, Paharhganj
City New Delhi
Postal code 110055
300 ## - PHYSICAL DESCRIPTION
Extent vii, 393p.
Dimensions 21cm(Hb)
500 ## - GENERAL NOTE
General note Includes bibliographical references and index
650 ## - SUBJECT ADDED ENTRY--TOPICAL TERM
Topical term or geographic name as entry element History of kashmir
9 (RLIN) 26722
650 ## - SUBJECT ADDED ENTRY--TOPICAL TERM
Topical term or geographic name as entry element Islamic culture
9 (RLIN) 7702
942 ## - ADDED ENTRY ELEMENTS (KOHA)
Source of classification or shelving scheme Dewey Decimal Classification
Koha item type English Books
Classification part 954.11
Call number suffix SUF
Holdings
Withdrawn status Lost status Damaged status Not for loan Home library Current library Date acquired Source of acquisition Cost, normal purchase price Total Checkouts Full call number Barcode Date last seen Copy number Cost, replacement price Price effective from Koha item type
        Central Library Central Library 07/07/2015 Cen Lib/Ret 100.00   954.11 SUF 940505 07/07/2015 1 100.00 07/07/2015 English Books

© Delhi Public Library
Hit Counter
free hit counter